Loading...
| Mythology | 0 | 5 | 0 | 0 | 50 | 43 | 63.80 | 1 | 4 | 0.00 | 0.00 |
| History - American | 0 | 3 | 0 | 0 | 30 | 70 | 91.33 | 2 | 2 | 0.00 | 0.00 |
| Fine Arts - Visual | 0 | 3 | 0 | 1 | 30 | 130 | 133.00 | 0 | 0 | 0.00 | 0.00 |
| History - World | 0 | 3 | 0 | 0 | 30 | 48 | 79.67 | 1 | 2 | 0.00 | 0.00 |
| Religion | 0 | 3 | 1 | 2 | 25 | 110 | 117.67 | 1 | 2 | 0.00 | 0.00 |
| Science - Chemistry | 0 | 2 | 0 | 1 | 20 | 122 | 123.00 | 0 | 0 | 0.00 | 0.00 |
| Social Science | 0 | 2 | 1 | 0 | 15 | 79 | 95.50 | 1 | 2 | 0.00 | 0.00 |
| Philosophy | 0 | 3 | 3 | 1 | 15 | 79 | 95.33 | 2 | 2 | 0.00 | 0.00 |
| Literature - World/Other | 0 | 1 | 0 | 0 | 10 | 140 | 140.00 | 0 | 0 | 0.00 | 0.00 |
| Literature - American | 0 | 1 | 0 | 0 | 10 | 141 | 141.00 | 0 | 0 | 0.00 | 0.00 |
| History - European | 0 | 1 | 0 | 0 | 10 | 81 | 81.00 | 0 | 1 | 0.00 | 0.00 |